Finish the Shakespearean Insult Quiz Stats

 Plays Quiz Updated May 12, 2018

Challenge
Share
Tweet
Embed
Score 0/20 Timer 08:00
0 Plays Today
% Correct
better strangers.
86.1%
lack of wit.
84.6%
being but half a fish and half a monster?
81.2%
would infect my brain.
80.6%
you worse than senseless things!
80.2%
false as hell.
77%
this huge hill of flesh!
76.9%
red-faced.
76.2%
sours ripe grapes.
75.4%
To signify thou camest to bite the world.
74.4%
% Correct
than I have in mine elbows.
70.3%
thou dost infect my eyes.
69.2%
you have good faces.
68.8%
when he makes water his urine is congealed ice.
66.7%
thou learn a prayer without book.
65.5%
than in a stewed prune.
65%
'Tis no matter, I shall speak as much wit as thou afterwards.
64.7%
As hath been belch'd on by infected lungs.
64.1%
else I'd call you knave.
60.7%
To fill the world with vicious qualities.
58.7%

You're not logged in!

Compare scores with friends on all Sporcle quizzes.
Join for Free
OR
Log In

You Might Also Like...

Show Comments

Extras

Top Quizzes Today


Score Distribution

Your Account Isn't Verified!

In order to create a playlist on Sporcle, you need to verify the email address you used during registration. Go to your Sporcle Settings to finish the process.

Report this User

Report this user for behavior that violates our Community Guidelines.

Details: